000 01178nam a2200373 a 4500
003 AR-BaBNM
005 20251128204711.0
008 082120s2002 ||||||||||||||000 | spa||
020 _a950-503-212-9
040 _cAR-BaBNM
245 0 0 _aEscala Beta
_bpara la evaluación del lenguaje en niños de 3 a 17 años
250 _a1ª ed.
260 _aBuenos Aires
_bMarymar
_c1992
300 _a115 p.
_bil., diagr.
490 0 _aEl maestro en su acción cotidiana. Discapacidades de la comunicación, lenguaje y aprendizaje
650 4 _aENSEÑANZA DE LA LECTURA
650 4 _aENSEÑANZA DE LA ESCRITURA
650 4 _aEDUCACION ESPECIAL
650 4 _aDIFICULTADES EN EL APRENDIZAJE
650 4 _aTRASTORNOS DEL HABLA
650 4 _aTRASTORNOS DEL HABLA
650 4 _aPROBLEMAS DE LA COMUNICACION
650 4 _aDETECCION DE DEFICIENCIAS
653 _aFONOAUDIOLOGIA
653 _aORIENTACION EDUCATIVA
653 _aGABINETES PSICOPEDAGOGICOS
700 1 _aFeldman, Jacobo
700 1 _aPinasco, Irene Teresa
700 1 _aFeldman, Arnoldo Jaime
700 1 _aCanepa, Zulma N.
800 1 _aRatto, Jorge A.
_edirector
942 _cBK
998 _cSILVI
999 _c8479
_d8479